[Event "36th Zalakaros Festival 2017"]
[Site "Zalakaros"]
[Date "2017.05.18"]
[Round "1"]
[White "Rapport, Richard"]
[Black "Almasi, Istvan"]
[Result "1-0"]
[WhiteElo "2698"]
[BlackElo "2398"]
[Annotator "TA"]
[PlyCount "45"]
[EventDate "2017.??.??"]
[EventType "swiss"]
[EventCountry "HUN"]
[SourceTitle "playchess.com"]
[Source "ChessBase"]
[SourceQuality "1"]

{[%evp 9,45,-2,7,2,15,13,26,15,14,22,8,14,94,40,71,64,127,138,125,125,131,120,141,151,124,76,58,49,228,237,241,229,652,643,737,729,1047,1039]} 1. e4 e6 2. d4 d5 3. exd5 exd5 4. Nc3 c6 5. Bf4 Bd6 6. Qd2 {C01: French: Exchange Variation} Bxf4 7. Qxf4 Qf6 8. Qd2 $146 {White has an edge.} ({Predecessor:} 8. Nge2 Nd7 9. f3 Ne7 10. h4 Qxf4 11. Nxf4 h5 12. Kf2 Nf5 13. Nce2 {½-½ (45) Vorotnikov,V (2495)-Doroshkievich,V (2385) Sochi 1997}) 8... Ne7 9. O-O-O {[%cal Ba1d1,Bd1d4,Bd4h4][%mdl 32]} O-O 10. h4 {[%cal Bh2h4,Bh4g5][%mdl 32]} c5 (10... Re8 $11) 11. Qg5 (11. dxc5 $16 Nd7 12. Qe3) 11... Qxg5+ 12. hxg5 cxd4 ({Black should try} 12... c4 $14) 13. Rxd4 $16 Nbc6 14. Rdh4 Bf5 {[#]} 15. g4 $1 {[%cal Rg4f5]} Bg6 {[#]} 16. f4 $1 d4 17. Nb5 {And now f5 would win.} Be4 18. R1h2 {aiming for Nd6.} Nb4 $2 ({Black should play} 18... Rad8 $14) 19. Nd6 $18 Bxc2 {Hoping for ...Rfd8.} 20. a3 Ng6 $2 (20... Nbd5) 21. Rxh7 {White is clearly winning.} ({Not} 21. axb4 Nxh4 22. Kxc2 Ng6 $16) 21... Rfd8 22. f5 {[%cal Bf4f5,Bf5g6][%mdl 32]} Rxd6 23. fxg6 {Precision: White = 88%, Black = 17%.} 1-0

[Event "36th Zalakaros Festival 2017"]
[Site "Zalakaros"]
[Date "2017.05.18"]
[Round "1"]
[White "Markus, Robert"]
[Black "Hnydiuk, Aleksander"]
[Result "1/2-1/2"]
[WhiteElo "2673"]
[BlackElo "2390"]
[Annotator "TA"]
[PlyCount "80"]
[EventDate "2017.??.??"]
[EventType "swiss"]
[EventCountry "HUN"]
[SourceTitle "playchess.com"]
[Source "ChessBase"]
[SourceQuality "1"]

{[%evp 12,80,5,0,0,0,0,-10,16,20,20,0,30,10,12,0,11,0,0,0,0,0,3,-39,-13,-17,-17,-16,-6,-4,-4,-11,-13,-22,-23,-22,-23,-23,-22,-80,-56,-60,6,0,0,0,0,0,0,0,0,0,0,0,0,0,0,0,0,0,0,0,0,0,0,0,0,0,0,0,0]} 1. d4 Nf6 2. Nf3 g6 3. g3 Bg7 4. Bg2 d5 5. O-O O-O 6. Nbd2 c5 7. dxc5 Qc7 {D02: 1 d4 d5 2 Nf3 sidelines, including 2...Nf6 3 g3 and 2...Nf6 3 Bf4} 8. Nb3 e5 9. c3 (9. e4 Bg4 10. h3 Bxf3 11. Qxf3 Nxe4 12. Rd1 Rd8 13. c4 Na6 14. cxd5 Naxc5 15. Nxc5 Nxc5 {1-0 (51) Gajewski,G (2615)-Tomczak,J (2601) Warsaw 2017}) 9... Na6 10. Be3 $146 ({Predecessor:} 10. Bg5 Be6 11. Bxf6 Bxf6 12. Ne1 Rad8 13. Nd3 e4 14. Nf4 Nxc5 15. Nxc5 Qxc5 16. Nxe6 fxe6 {0-1 (68) Giustina,O-Petrovs,V Rosario 1939}) 10... Be6 11. Qc1 Rfe8 12. Rd1 Rad8 13. Ne1 Ng4 14. Nd3 Nxe3 15. Qxe3 f5 16. Rd2 Bf7 17. f4 (17. Rad1 {looks sharper.} Bf6 18. f4 d4 19. cxd4 exf4 20. Qxf4 Qe7 21. Qf3) 17... d4 (17... e4 {with more complications.} 18. Ne1 Bf8 19. Nc2 Nxc5 20. Nxc5 Bxc5 21. Nd4 Qb6) 18. cxd4 exf4 19. Qxf4 Qxf4 20. Nxf4 {Threatens to win with Rad1.} Bxb3 $1 21. axb3 {[#] Nd5 is the strong threat.} Nxc5 ({Of course not} 21... Bxd4+ $6 22. Rxd4 Rxd4 23. c6 $16) 22. Rad1 Nxb3 23. Rd3 Nxd4 24. Bd5+ Kh8 25. Bc4 (25. Bf7 $11 {keeps the balance.} Re7 26. Bc4) 25... g5 26. Nh5 Nxe2+ ({Better is} 26... Be5 $15 27. e3 Nc6) 27. Kf1 {The position is equal.} Rxd3 28. Rxd3 {[#] Strongly threatening Rd7.} Nc1 $1 {[%cal Rc1d3]} ({But not} 28... Bxb2 $6 29. Bb5 $16 (29. Rb3 Nc3 $16)) 29. Nxg7 Kxg7 $11 {[%mdl 4096] Endgame KRB-KRN} 30. Rd7+ $1 Kf6 31. Rxb7 Rc8 32. b3 a5 33. Rb6+ Kg7 34. Ra6 Rb8 35. Ra7+ Kf6 36. Ra6+ Kg7 37. Rxa5 Nxb3 38. Rd5 Rb4 39. Bxb3 Rxb3 40. Rxf5 Kg6 {Precision: White = 43%, Black = 71%.} 1/2-1/2

[Event "36th Zalakaros Festival 2017"]
[Site "Zalakaros"]
[Date "2017.05.18"]
[Round "1"]
[White "Efimenko, Zahar"]
[Black "Hemant, Sharma"]
[Result "1/2-1/2"]
[WhiteElo "2648"]
[BlackElo "2380"]
[Annotator "TA"]
[PlyCount "63"]
[EventDate "2017.??.??"]
[EventType "swiss"]
[EventCountry "HUN"]
[SourceTitle "playchess.com"]
[Source "ChessBase"]
[SourceQuality "1"]

{[%evp 15,63,15,22,18,49,-24,-37,-33,-33,-17,0,0,25,23,18,12,59,61,60,72,71,69,78,67,79,71,99,106,131,141,140,58,113,18,22,19,30,0,0,0,0,0,0,0,0,-84,0,0,0,-96]} 1. Nf3 Nf6 2. g3 g6 3. b3 Bg7 4. Bb2 O-O 5. Bg2 d5 6. c4 c6 7. O-O a5 8. d3 a4 9. Nbd2 {A11: English Opening: 1...c6} Na6 10. Ne5 $146 ({White should play} 10. Qc1 $14) ({Predecessor:} 10. Qc1 Bg4 11. Re1 Re8 12. Ne5 Be6 13. Ndf3 Nd7 14. cxd5 cxd5 15. bxa4 Ndc5 16. Ng5 Qd6 17. Nxe6 Qxe6 {1-0 (31) Malakhov,V (2694)-Olafsson,H (2549) Berlin 2015}) 10... Ng4 $11 {aiming for ...a3.} 11. Ndf3 {Black is slightly better.} Nxe5 12. Bxe5 f6 13. Bc3 e5 14. cxd5 cxd5 15. bxa4 Qd6 16. Rb1 Be6 17. a5 Rfc8 18. Bd2 Qd7 19. Rb6 Rc7 20. Qb1 Rac8 21. Rc1 Bf8 22. Rxc7 Rxc7 {[#]} 23. h4 (23. d4 $1 $16) 23... Nc5 (23... Bc5 $14) 24. Bb4 (24. d4 $16) 24... Qc8 25. Kh2 Na4 $1 {[%cal Ra4b6]} 26. Bxf8 {Rxe6 is the strong threat.} (26. Rxe6 $5 Qxe6 27. Bxf8 Kxf8 28. Qb4+ Nc5 29. d4 $11) 26... Nxb6 27. Bd6 ({But not} 27. axb6 $2 Rc1 $19) 27... Rc6 28. Bxe5 $1 fxe5 29. axb6 Rc2 30. Qd1 {[#]} (30. Ng5 $11 {keeps the balance.} Rxe2 31. Qb4) 30... Rxa2 (30... Kg7 $1 $17 31. Qe1 (31. Nxe5 Qc3 $15) 31... Qc5 32. Nxe5 Qxb6) 31. Ng5 {Hoping for Qb3.} Kg7 {And now ...Bg8 would win.} 32. Bf3 {Precision: White = 46%, Black = 32%.} (32. Qb1 $11 Rxe2 33. Qf1) 1/2-1/2

[Event "36th Zalakaros Festival 2017"]
[Site "Zalakaros"]
[Date "2017.05.18"]
[Round "1"]
[White "Gupta, Abhijeet"]
[Black "Gara, Anita"]
[Result "1-0"]
[WhiteElo "2626"]
[BlackElo "2373"]
[Annotator "TA"]
[PlyCount "55"]
[EventDate "2017.??.??"]
[EventType "swiss"]
[EventCountry "HUN"]
[SourceTitle "playchess.com"]
[Source "ChessBase"]
[SourceQuality "1"]

{[%evp 21,55,36,23,1,7,0,26,33,72,82,95,95,105,90,103,92,114,103,94,97,123,125,133,108,170,172,166,173,612,617,605,609,817,802,785,713]} 1. Nf3 d5 2. c4 e6 3. g3 c5 4. Bg2 Nc6 5. O-O Nf6 6. d4 Be7 7. cxd5 exd5 8. dxc5 Bxc5 9. a3 O-O 10. b4 Be7 11. Bb2 Ne4 12. b5 $146 {D30: Queen's Gambit Declined: Systems without Nc3} ({Predecessor:} 12. Nc3 Bf6 13. Rc1 Be6 14. Na4 Bxb2 15. Nxb2 Qf6 16. Nd3 Rfd8 17. Nc5 Nxc5 18. Rxc5 Rd7 19. Qd2 h6 {1-0 (35) Sumets,A (2566)-Borsos,B (2321) Lvov 2017}) 12... Na5 13. Nbd2 Bf6 14. Bxf6 {White has an edge.} Qxf6 15. Qa4 Qb6 16. Nxe4 dxe4 17. Qxe4 Qxb5 18. Rab1 Qh5 19. Nd4 {[#] aiming for Rb5.} Bd7 20. Rfc1 Rac8 21. Qe7 Qg4 22. e3 {Black must now prevent h3.} Bf5 (22... Rxc1+ $16 23. Rxc1 Nc6 24. Bxc6 (24. Nxc6 bxc6 25. Bf3 Qe6 $16) 24... bxc6) 23. Rxc8 $40 {[%mdl 128] White has strong attack.} Bxc8 24. Qc7 Bf5 $2 {[#]} (24... Nc6) 25. h3 {White is clearly winning.} Qg6 26. Rb5 ({Worse is} 26. Qxa5 Bxb1 27. Bxb7 Qb6 $17) 26... Rc8 27. Qxa5 Bd3 28. Rc5 {Precision: White = 87%, Black = 26%.} 1-0

[Event "36th Zalakaros Festival 2017"]
[Site "Zalakaros"]
[Date "2017.05.18"]
[Round "1"]
[White "Erdos, Viktor"]
[Black "Kosakowski, Jakub"]
[Result "1/2-1/2"]
[WhiteElo "2614"]
[BlackElo "2369"]
[Annotator "TA"]
[PlyCount "108"]
[EventDate "2017.??.??"]
[EventType "swiss"]
[EventCountry "HUN"]
[SourceTitle "playchess.com"]
[Source "ChessBase"]
[SourceQuality "1"]

{[%evp 14,108,51,60,64,57,70,76,90,82,103,91,107,52,60,58,49,52,48,33,85,84,77,82,76,50,60,58,112,44,97,93,93,100,102,85,150,147,187,62,66,63,62,51,64,60,60,60,62,54,51,66,74,66,72,61,68,59,65,70,65,66,64,0,0,0,0,40,38,-16,-20,-65,-68,-104,-61,-118,-8,-8,-8,-8,-8,-8,0,0,0,0,0,0,0,0,0,0,0,0,0,0,0]} 1. d4 Nf6 2. c4 g6 3. Nf3 Bg7 4. e3 O-O 5. Be2 d5 (5... c5 6. d5 e6 7. Nc3 d6 8. O-O Re8 9. Nd2 Na6 10. e4 Nc7 11. Re1 b6 12. dxe6 Nxe6 13. Nf1 Nd4 14. f3 Nh5 15. Bd3 Be5 {1-0 (117) Nakamura,H (2787)-Caruana,F (2804) Leuven 2016}) 6. cxd5 {E60: King's Indian: Unusual lines and Fianchetto Variation without Nc3} Nxd5 7. O-O c5 8. dxc5 {LiveBook: 4 Games. White is slightly better.} Nc6 9. a3 $146 ({Predecessor:} 9. e4 Ndb4 10. Nc3 Qa5 11. Bd2 Rd8 12. Nd5 Qxc5 13. Rc1 {1-0 (13) Helfrich,C (1775)-Moscoso,F (1685) IECC email 2009}) 9... Be6 10. Qc2 Qc7 11. Bd2 $1 Rac8 12. Nc3 Ne5 13. Nd4 (13. b4 $1 $16) 13... Qxc5 $14 14. Nxe6 fxe6 15. Rac1 Qb6 16. Qb1 Rfd8 (16... Nd7 $14) 17. Ne4 a5 18. Rxc8 Rxc8 19. Rc1 Rxc1+ 20. Qxc1 {Strongly threatening Qc8+.} Nc6 (20... Nd7 $14) 21. Bg4 (21. b4 $1 $16) 21... Nc7 (21... Bxb2 $14 22. Bxe6+ Kg7) 22. Bc3 $16 Ne5 23. Bd4 Qc6 24. Qxc6 bxc6 (24... Nxc6 $142 25. Bb6 Na8) 25. Be2 Nb5 26. Bc5 ({White should play} 26. Bb6 $1 $18) 26... Nd7 $14 27. a4 Nd6 $1 {[%cal Rd6e4]} 28. Bxd6 exd6 29. Nxd6 Bxb2 {[%mdl 4096] Endgame KBN-KBN} 30. Nb7 Bc3 31. Bc4 Nb6 32. Bxe6+ Kf8 33. Bb3 Bb4 34. Nd8 c5 35. Nc6 c4 36. Bc2 Kf7 37. Kf1 Ke6 38. h4 (38. Ke2 $14) 38... Bc3 $11 39. Na7 Kd5 $1 40. g4 Kc5 41. g5 ({White should try} 41. Ke2 $14) 41... Kb4 42. f4 Nxa4 43. Nc6+ Ka3 {Threatens to win with ...Nc5.} 44. h5 {[#]} (44. f5 $15) 44... Nc5 (44... Nb6 $1 $17 45. hxg6 hxg6 46. Bxg6 Kb2) 45. hxg6 {The position is equal.} hxg6 46. Bxg6 a4 47. Bf7 $1 {[%cal Rf7c4]} Kb2 {aiming for ...a3.} (47... Kb3 $5 48. g6 a3 $15) 48. Bxc4 {Nd4 is the strong threat.} a3 49. g6 Nb3 ({Don't blunder} 49... a2 $2 {[#]} 50. Bxa2 $1 {[%mdl 512]} Kxa2 51. Nd4 $18) 50. Ne5 a2 51. g7 a1=Q+ 52. Kg2 $1 Qa8+ 53. Kh2 Bxe5 54. g8=Q Qxg8 {Precision: White = 56%, Black = 52%.} 1/2-1/2

[Event "36th Zalakaros Festival 2017"]
[Site "Zalakaros"]
[Date "2017.05.18"]
[Round "1"]
[White "Vajda, Levente"]
[Black "Lazarne Vajda, Szidonia"]
[Result "1/2-1/2"]
[WhiteElo "2600"]
[BlackElo "2357"]
[Annotator "TA"]
[PlyCount "15"]
[EventDate "2017.??.??"]
[EventType "swiss"]
[EventCountry "HUN"]
[SourceTitle "playchess.com"]
[Source "ChessBase"]
[SourceQuality "1"]

{[%evp 13,15,2,23,0]} 1. Nf3 Nf6 2. g3 g6 3. Bg2 Bg7 4. O-O O-O 5. d3 d6 6. c4 e5 7. Nc3 c6 8. e3 $146 {A24: English Opening vs King's Indian: Lines without ...Nc6} ({Predecessor:} 8. Bg5 Be6 9. Rb1 Nbd7 10. Nd2 a5 11. a3 h6 12. Bxf6 Nxf6 13. b4 axb4 14. axb4 d5 15. Qc2 Qe7 16. Rfc1 {0-1 (37) Petrosian,T (2623)-Jobava,B (2664) Abu Dhabi 2015}) 1/2-1/2

[Event "36th Zalakaros Festival 2017"]
[Site "Zalakaros"]
[Date "2017.05.18"]
[Round "1"]
[White "Papp, Gabor"]
[Black "Ivic, Velimir"]
[Result "1-0"]
[WhiteElo "2592"]
[BlackElo "2345"]
[Annotator "TA"]
[PlyCount "67"]
[EventDate "2017.??.??"]
[EventType "swiss"]
[EventCountry "HUN"]
[SourceTitle "playchess.com"]
[Source "ChessBase"]
[SourceQuality "1"]

{[%evp 16,67,24,-26,16,16,16,16,16,20,17,23,35,34,25,28,42,42,29,39,32,31,47,54,76,45,54,53,54,56,55,57,104,104,103,103,110,96,220,164,318,310,568,570,564,560,673,675,679,645,763,763,1077,705]} 1. e4 c5 2. Nf3 e6 3. d4 cxd4 4. Nxd4 Nf6 5. Nc3 d6 6. g4 h6 7. h4 Be7 8. Rg1 d5 9. Bb5+ Kf8 {B81: Sicilian Scheveningen: Keres Attack} 10. exd5 (10. e5 Nfd7 11. Qe2 Bxh4 12. Bd2 Nc6 13. Nf3 Be7 14. O-O-O g5 15. Rh1 Kg7 16. Rh5 f6 17. Bxc6 bxc6 18. Rdh1 Qc7 19. Qf1 Nxe5 20. Nxe5 Qxe5 21. f4 Qd4 22. Qh3 {1-0 (22) Panchanathan,M (2549)-Yermolinsky,A (2528) Mesa 2010}) 10... Nxd5 11. Nxd5 Qxd5 {The position is equal.} 12. Be3 Nc6 {[#] Threatens to win with ...Nxd4.} 13. c4 $146 ({Predecessor:} 13. Nxc6 bxc6 14. Qxd5 cxd5 15. Bf4 Bb7 16. h5 Bc5 17. Be3 {½-½ (17) Wiwe,A (2273)-Jakobsen,P (2230) Denmark 2012}) 13... Qe4 14. Bxc6 bxc6 15. Qf3 Qxf3 16. Nxf3 f6 17. Nd4 Bd7 18. O-O-O Ke8 19. h5 c5 20. Nb5 Bxb5 $1 21. cxb5 a6 22. bxa6 $1 Rxa6 23. Kb1 Kf7 24. Rd7 Rc8 25. Rgd1 Rac6 26. Kc2 c4 (26... f5 $16) 27. a4 {[%cal Ba2a4,Ba4a5,Ba5a6,Ba6a7][%mdl 32]} e5 $2 {[#]} (27... Ra6) 28. Rb7 $18 R6c7 $2 (28... Ke6 29. f4 R8c7 30. f5+ Kf7) 29. Rxc7 {White is clearly winning.} Rxc7 30. a5 Ke6 31. a6 Rc8 32. a7 Bd6 33. Kc3 Kd7 34. Ra1 {Precision: White = 87%, Black = 30%.} 1-0

[Event "36th Zalakaros Festival 2017"]
[Site "Zalakaros"]
[Date "2017.05.18"]
[Round "1"]
[White "Stupak, Kirill"]
[Black "Rapport, Jovana"]
[Result "1-0"]
[WhiteElo "2560"]
[BlackElo "2334"]
[Annotator "TA"]
[PlyCount "83"]
[EventDate "2017.??.??"]
[EventType "swiss"]
[EventCountry "HUN"]
[SourceTitle "playchess.com"]
[Source "ChessBase"]
[SourceQuality "1"]

{[%evp 9,83,13,31,31,19,15,53,56,60,49,52,43,43,43,47,33,49,2,17,2,37,26,37,19,42,27,55,55,51,-13,1,15,60,62,68,41,44,-2,5,-18,6,-44,0,-60,21,14,48,47,48,44,62,0,66,68,56,18,105,77,258,258,262,252,255,256,257,257,257,260,258,257,286,286,273,281,824,812]} 1. d4 e6 2. g3 f5 3. Bg2 Nf6 4. c4 Be7 5. Qb3 (5. Nf3 d6 6. O-O O-O 7. b3 Qe8 8. Bb2 Qg6 9. Ne1 c6 10. Nd3 Qh6 11. Nd2 Nbd7 12. e4 fxe4 13. Nxe4 Nxe4 14. Bxe4 Nf6 15. Bg2 e5 16. Bc1 {½-½ (56) Agdestein,S (2602)-Amin,B (2662) Doha 2016}) 5... c6 6. Nf3 $146 {A91: Classical Dutch: Early Deviations} ({Predecessor:} 6. Nh3 O-O 7. O-O Kh8 8. Nc3 Qe8 9. f3 d6 10. e4 fxe4 11. Nxe4 Nxe4 12. fxe4 Rxf1+ 13. Bxf1 {0-1 (32) Ngo,N (2172)-Chetverik,M (2316) Budapest 2002}) 6... d5 7. O-O Qb6 8. Qc2 {White is slightly better.} Ne4 9. Nc3 O-O 10. Bf4 Nd7 11. Rad1 Bf6 12. b3 Qb4 13. Nb1 Qe7 14. Ne1 g5 15. Bc1 Qg7 $1 16. Ba3 Rf7 17. Qd3 {Strongly threatening cxd5.} Bd8 18. f3 Nef6 19. Nc3 (19. e4 $14) 19... f4 20. e4 {[%cal Be2e4,Be4e5][%mdl 32]} Nf8 21. e5 Ne8 22. Bh3 Qh6 23. Kg2 (23. Bg4 {is interesting.} Ng6 24. Qc2 Ng7 25. Bd6 Ba5 26. Nd3) 23... Ng7 24. Ne2 Ng6 25. Bc1 Bd7 26. Qc2 Rc8 (26... dxc4 $15 27. bxc4 c5) 27. Nd3 $36 {[%mdl 2048] White has the initiative.} Be7 28. Bg4 Nf5 29. c5 Rcf8 30. Rh1 ({White should play} 30. Kg1 $14) 30... Bd8 ({Black should try} 30... Kh8 $11) 31. Rdg1 $14 Kh8 32. Bd2 Nge7 (32... b6 $11 {keeps the balance.}) 33. h4 $16 ({And not} 33. gxf4 gxf4 34. h4 (34. Bxf4 $2 Qxf4 35. Ndxf4 Ne3+ 36. Kh3 Nxc2 $19) (34. Ndxf4 Ng6 $17) 34... Ne3+ 35. Bxe3 fxe3 $15) 33... Ne3+ $2 {[#]} (33... gxh4 $16 {was worth a try.} 34. Ndxf4 Qg7) 34. Bxe3 $1 $18 fxe3 35. hxg5 Qxg5 36. Ndf4 Nf5 37. Rh5 Qg8 38. Rgh1 Rg7 39. Bxf5 exf5 40. Qd3 Bg5 41. Qxe3 Be6 $2 {[#]} (41... Be8 42. R5h3 Qf7) 42. Rxg5 $1 {[%mdl 512] Precision: White = 57%, Black = 30%.} 1-0

[Event "36th Zalakaros Festival 2017"]
[Site "Zalakaros"]
[Date "2017.05.18"]
[Round "1"]
[White "Aczel, Gergely"]
[Black "Tica, Sven"]
[Result "0-1"]
[WhiteElo "2546"]
[BlackElo "2332"]
[Annotator "TA"]
[PlyCount "70"]
[EventDate "2017.??.??"]
[EventType "swiss"]
[EventCountry "HUN"]
[SourceTitle "playchess.com"]
[Source "ChessBase"]
[SourceQuality "1"]

{[%evp 20,70,22,31,22,20,25,18,35,1,22,17,22,20,15,35,82,99,89,92,97,85,88,57,72,0,26,0,13,0,0,-10,0,-4,22,0,0,0,0,-375,-351,-882,-862,-769,-509,-468,29983,-1926,-1118,-29970,-29971,-29992,-29993]} 1. d4 d5 2. c4 e6 3. Nc3 Nf6 4. cxd5 Nxd5 5. e4 Nxc3 6. bxc3 c5 7. Nf3 cxd4 8. cxd4 Bb4+ 9. Bd2 Bxd2+ 10. Qxd2 O-O 11. Rc1 Nd7 {D41: Queen's Gambit Declined: Semi-Tarrasch with 5 cxd5} 12. Bd3 b6 13. O-O Bb7 {The position is equal.} 14. Qe3 h6 (14... Nf6 15. Ne5 Qe7 16. f3 Rfd8 17. Rc2 Rac8 18. Rfc1 h6 19. Be2 Qd6 20. a3 Rxc2 21. Rxc2 Nd7 22. Nc4 Qc7 23. Bd3 b5 24. Nd2 {½-½ (24) Hammer,J (2628)-Vallejo Pons,F (2709) Sharjah 2017}) 15. e5 Rc8 16. Nd2 {[%cal Bf3d2,Bd2c4,Bc4d6][%mdl 32]} Rxc1 17. Rxc1 Qb8 18. Nc4 $146 ({Predecessor:} 18. Ne4 Rc8 19. Rf1 Bxe4 20. Qxe4 {1-0 (37) Danielian,E (2470)-Cosma,E (2328) Mamaia 2013}) 18... b5 19. Nd6 b4 20. Bb1 Bd5 21. Qd3 {[%csl Gb1][%cal Rd3h7] [#]} f5 22. Bc2 (22. g4 $16 Qd8 23. Qe3) 22... Qd8 23. Qd2 (23. g3 {with more complications.} Nb6 24. Bb3 Qg5 25. Rc5 Bxb3 26. f4) 23... a5 24. Bb3 {Threatens to win with Bxd5.} Nb6 25. g3 Qd7 26. Rc5 Ra8 27. Bd1 Na4 28. Bxa4 Qxa4 29. Nxf5 $2 {[%mdl 8192]} (29. Rxd5 $1 $11 {and White has nothing to worry.} exd5 30. e6) 29... Qxa2 $19 30. Nxh6+ $2 (30. Ne7+ Kh8 31. Qc1) 30... Kh7 31. Qc1 gxh6 32. Rc7+ Kg6 $4 {[%mdl 8192]} (32... Kg8 $19 33. Qd1 Kf8) 33. f3 $4 {[%mdl 8192]} (33. Qd1 {was the only winning move.} Qxf2+ 34. Kxf2 Rf8+ 35. Kg1 Rf5 36. Qa4 Rg5 37. Qc2+ Rf5 38. g4) 33... Bxf3 {[%csl Gf3][%cal Ra2g2]} 34. Rc2 {[#]} Rc8 $1 {[%mdl 512]} 35. Qf4 (35. Rxc8 Qg2#) 35... Qb1+ {Precision: White = 25%, Black = 52%.} 0-1

[Event "36th Zalakaros Festival 2017"]
[Site "Zalakaros"]
[Date "2017.05.18"]
[Round "1"]
[White "Sanal, Vahap"]
[Black "Paszewski, Mateusz"]
[Result "1-0"]
[WhiteElo "2533"]
[BlackElo "2327"]
[Annotator "TA"]
[PlyCount "67"]
[EventDate "2017.??.??"]
[EventType "swiss"]
[EventCountry "HUN"]
[SourceTitle "playchess.com"]
[Source "ChessBase"]
[SourceQuality "1"]

{[%evp 17,67,-22,13,0,8,0,0,0,8,8,13,22,9,14,44,39,170,185,275,253,352,360,337,333,281,273,295,287,283,289,282,281,365,225,190,142,130,83,224,225,241,222,243,230,676,660,665,661,710,697,695,690]} 1. Nf3 d5 2. g3 c6 3. Bg2 Bg4 4. O-O e6 5. c4 Nf6 6. cxd5 Bxf3 7. Bxf3 cxd5 8. d3 Nc6 {A11: English Opening: 1...c6} 9. e4 (9. Nc3 Be7 10. Bd2 O-O 11. Rc1 Rc8 12. a3 Nd7 13. Bg2 Bf6 14. e3 Nb6 15. b4 Qd7 16. Qb3 Ne5 17. Qb1 Na4 {0-1 (63) Petrosian,T (2625)-Dreev,A (2644) Berlin 2015}) 9... Be7 {LiveBook: 3 Games} 10. exd5 Nxd5 {The position is equal.} 11. Nc3 Nxc3 $146 ({Predecessor:} 11... Qd7 12. Nxd5 exd5 13. Bg4 f5 14. Bh5+ g6 15. Bf3 O-O 16. Rb1 {½-½ (30) Froewis,G (2463)-Gatterer,F (2281) Austria 2016}) 12. bxc3 O-O 13. Rb1 Qd7 14. d4 Rac8 15. Re1 Bf6 16. d5 exd5 (16... Ne5 $1 $14) 17. Bg4 $36 {[%mdl 2048] White is on the roll.} (17. Qxd5 Qxd5 18. Bxd5 Bxc3 $11) 17... Qd6 (17... Qd8 {is a better defense.}) 18. Bf4 (18. Rxb7 Rb8 $16) (18. Bxc8 $6 Rxc8 19. Rxb7 Bxc3 $18) 18... Qc5 19. Bxc8 (19. Rxb7 Bxc3 20. Re2 f5 $11) 19... Rxc8 20. Qg4 ({But not} 20. Rxb7 Bxc3 21. Rc7 Rf8 $18) 20... Rd8 21. Rxb7 Bxc3 22. Qf5 Qf8 23. Rc1 d4 24. Bc7 Ra8 25. Rcb1 {Strongly threatening Qd7.} Qe8 26. Bd6 Rd8 27. Qc5 {Threatens to win with Rc7.} Rc8 {[#]} (27... h6 $16 {keeps fighting.}) 28. Qd5 $1 h6 {[#]} 29. a3 $1 Be1 30. R1b2 Nd8 $2 (30... Qe6 31. Qxe6 fxe6) 31. Re7 {White is clearly winning.} Qc6 32. Qxc6 Rxc6 33. Re8+ ({Not} 33. Rxe1 Rxd6 34. Re8+ Kh7 $16) 33... Kh7 34. Rxd8 {Precision: White = 83%, Black = 24%.} ({Less strong is} 34. Rxe1 Rxd6 35. Re7 a6 $16) 1-0

[Event "36th Zalakaros Festival 2017"]
[Site "Zalakaros"]
[Date "2017.05.18"]
[Round "1"]
[White "Mihok, Oliver"]
[Black "Horak, Michal"]
[Result "*"]
[WhiteElo "2532"]
[BlackElo "2324"]
[Annotator "TA"]
[PlyCount "31"]
[EventDate "2017.??.??"]
[EventType "swiss"]
[EventCountry "HUN"]
[SourceTitle "playchess.com"]
[Source "ChessBase"]
[SourceQuality "1"]

{[%evp 1,1,16]} 1. e4 {Predecessor:} e5 $146 2. Nf3 Nf6 3. Nxe5 d6 4. Nf3 Nxe4 5. d3 Nf6 6. d4 d5 7. Bd3 Bd6 8. Qe2+ Be6 9. c4 dxc4 10. Bxc4 Qe7 11. O-O O-O 12. Nc3 h6 13. d5 Bg4 14. Qxe7 Bxe7 15. Nb5 Nbd7 16. Re1 {½-½ (40) Carlsen,M (2838)-Caruana,F (2817) Karlsruhe 2017} *